'Laye' y su grupo : las dimensiones políticas : Barcelona, 1947-1956 las dimensiones políticas :
Descripción Física:
[429] p. : mecanog. ; 32 cm
Materias:
Laye (Publicació) -- Història
MARC
| LEADER | 00000nam a2200000Ia 4500 | ||
|---|---|---|---|
| 001 | 8733 | ||
| 008 | 160829s198 - ?] xx 000 0 cat d | ||
| 080 | |a FOL-1-42 | ||
| 100 | |a Pinilla de las Heras, Esteban |9 25947 | ||
| 245 | |a 'Laye' y su grupo : |b las dimensiones políticas : |b Barcelona, 1947-1956 | ||
| 260 | |a Barcelona : |b [s.l., |c 198 - ?] | ||
| 300 | |a [429] p. : |b mecanog. ; |c 32 cm | ||
| 590 | |a Una investigació de recuperació històrica patrocinada per la Diputació de Barcelona | ||
| 650 | |a Laye (Publicació) |x Història |9 25948 | ||
| 710 | 1 | |a Barcelona (Catalunya : Província). |b Diputació |9 52408 | |
| 901 | |a Arxiu | ||
| 942 | |n 1 | ||
| 952 | |0 0 |1 0 |4 0 |6 FOL142 |7 1 |9 43835 |a Arxiu |b Arxiu |d 2016-12-01 |l 0 |o FOL-1-42 |p 8733 |r 2016-12-01 00:00:00 |w 2016-12-01 |y ARXIU | ||
| 999 | |c 46414 |d 46414 | ||